| 000 | 01318cam a22002535a 4500 | ||
|---|---|---|---|
| 001 | L143411 | ||
| 002 | 17225 | ||
| 008 | 080506s2007 xxk d f v 001 0 eng d | ||
| 020 | _a9780955729300 | ||
| 035 | _a(Sirsi) u143411 | ||
| 041 | 0 | _aeng | |
| 050 | 0 | 4 | _a343.078624 $2 22 |
| 100 | 1 | _aAtkinson, Daniel | |
| 245 | 0 | 0 |
_aCausation in construction law _bPrinciples and methods of analysis |
| 260 |
_aLondon _bDaniel Atkinson _c2007 |
||
| 300 |
_a142 p. _c25cm |
||
| 350 | _a85 | ||
| 505 | 2 | _aCausation in law -- Concepts of causation -- The principled approach -- Causation and logic -- Causation and programmes -- Methods of delay analysis -- Index | |
| 520 | _aThis book examines causation in construction law in a practical way. Presents an extensive range of case law. Uses examples and a theoretical project to explain how to apply various concepts such as common sense, dominant cause, but-for test and new intervening act. Identifies the principles that need to be applied to construction law. Presents the possibilities of incorrectness of current methods of programme analysis. Describes the practical steps to take in case of liability. | ||
| 590 | _aKA | ||
| 651 | 4 |
_aEngland and Wales _y1543- |
|
| 690 | _aBUILT ENVIRONMENT-CONSTRUCTION MANAGEMENT-BUILDING CONTRACT ADMINISTRATION | ||
| 942 | _n0 | ||
| 999 |
_c108149 _d108149 |
||